Normal view MARC view
  • Foroux D

Entry Personal Name

Number of records used in: 2

001 - CONTROL NUMBER

  • control field: 215446

003 - CONTROL NUMBER IDENTIFIER

  • control field: OSt

005 - DATE AND TIME OF LATEST TRANSACTION

  • control field: 20251122095524.0

008 - FIXED-LENGTH DATA ELEMENTS

  • fixed length control field: 251122|| aca||aabn | a|a d

040 ## - CATALOGING SOURCE

  • Original cataloging agency: OSt
  • Transcribing agency: OSt

100 ## - HEADING--PERSONAL NAME

  • Personal name: Foroux D

670 ## - SOURCE DATA FOUND

  • Source citation: Work cat.: (OSt)96707: Foroux D, Do It Today, 2020